000
00271nam a2200109Ia 4500
008
200302s9999 xx 000 0 und d
100
_a
Franco Bertoni
245
_a
Minimalist Design
260
_b
Birkhauser Publlisher for Architecture
260
_c
2004
300
_a
221 P.,
999
_c
3924
_d
3924